Karate základy sportovního karate a úderové techniky pro sebeobranu

Saved in:
Bibliographic Details
Format: Book
Language:Czech
Published: Praha Olympia 1982
Edition:2. vyd.
Series:Sport
Tags: Add Tag
No Tags, Be the first to tag this record!

MARC

LEADER 00000nam a2200000 4500
001 c136053
005 20260122162034.1
041 0 |a cze 
044 |a CZ 
245 1 0 |a Karate  |b základy sportovního karate a úderové techniky pro sebeobranu  |c František Kolář 
250 |a 2. vyd. 
264 1 |a Praha  |b Olympia  |c 1982 
300 |a 135 s. 
490 1 |a Sport 
830 0 |a Sport